01453 a2200217 45000010006000000050017000060080041000230030015000640400040000790800033001192450050001520200018002022640036002203000024002565050766002800410008010461000032010547000029010867000021011158560099011364700120260407155739.0260407a1983 arg spa dAR-UNSa-BCEJYS aAR-UNSa-BCEJYSbspacAR-UNSa-BCEJYS a330.101.542xMicroeconomía10aIntroducción a la teoría microeconómica a84-316-2176-1 1aBarcelona :bVicens-Vivesc1983 axiv, 428 p.c22 cm. a1. Introducción - 2. Teoría del cambio : oferta y demanda - 3. Análisis de la demanda y la oferta - 4. Estática, dinámica y estabilidad del equilibrio - 5. Teoría de la conducta del consumidor - 6. Aplicaciones del análisis de utilidad - 7. La teoría de la producción - 8. Costes de producción - 9. El mercado y las estructuras industriales - 10. La teoría de la empresa - 11. Teoría de la empresa en una industria de competencia perfecta - 12. Teoría de la empresa en una industria competitiva (competencia monopolística) - 13. El monopolio - 14. El oligopolio - 15. Teorías de la distribución de la renta - 16. La determinación del precio de los factores productivos - 17. Equilibrio general - 18. Economía del bienestar.  aspa1 aFernández de Castro, J.M.1 aAsimakopulos, Athanasios1 aAguiló, Eugeni41uhttps://www.biblioeco.unsa.edu.ar/pmb/images/libros/L127367.jpgyImagen de portadaqimage/jpeg